ดุลพาห ปีที่ 11 เล่ม 7-12 (กรกฎาคม-ธันวาคม 2507) (ระเบียนเลขที่ 106918)
| 000 -LEADER | |
|---|---|
| fixed length control field | 02377nas a22002417a 4500 |
| 003 - CONTROL NUMBER IDENTIFIER | |
| control field | NALT |
| 005 - DATE AND TIME OF LATEST TRANSACTION | |
| control field | 20250612151520.0 |
| 006 - FIXED-LENGTH DATA ELEMENTS--ADDITIONAL MATERIAL CHARACTERISTICS | |
| fixed length control field | a|||p|r|||| 00| 0 |
| 007 - PHYSICAL DESCRIPTION FIXED FIELD--GENERAL INFORMATION | |
| fixed length control field | ta |
| 008 - FIXED-LENGTH DATA ELEMENTS--GENERAL INFORMATION | |
| fixed length control field | 250612b th |||p| |||| 00| 0 tha d |
| 040 ## - CATALOGING SOURCE | |
| Original cataloging agency | NALT |
| 041 ## - LANGUAGE CODE | |
| Language code of text/sound track or separate title | tha |
| 245 00 - TITLE STATEMENT | |
| Title | ดุลพาห ปีที่ 11 เล่ม 7-12 (กรกฎาคม-ธันวาคม 2507) |
| 260 ## - PUBLICATION, DISTRIBUTION, ETC. | |
| Place of publication, distribution, etc. | โรงพิมพ์การศาสนา |
| 310 ## - CURRENT PUBLICATION FREQUENCY | |
| Current publication frequency | รายเดือน |
| 500 ## - GENERAL NOTE | |
| General note | วารสารเย็บเล่ม |
| 505 2# - FORMATTED CONTENTS NOTE | |
| Formatted contents note | ปีที่ 11 เล่ม 7 ก.ค. 2507 -- การแก้ไขเด็กกระทำความผิด -- ตั้งทนายให้จำเลย -- ศาลชั้นเทพ -- การไปรษณีย์. |
| -- | ปีที่ 11 เล่ม 8 ส.ค. 2507 -- คัดค้านการกระทำหรือคำสั่งของเจ้าพนักงานพิทักษ์ทรัพย์ -- เล็ก ๆ น้อย ๆ (ตอน 2) -- เม็กซิโก -- การไปรษณีย์ (ต่อ). |
| -- | ปีที่ 11 เล่ม 9 ก.ย. 2507 -- ประโยชน์แห่งความสงสัยให้จำเลย -- การไปรษณีย์ (ต่อ) -- กฎหมายเกี่ยวกับศาสนา -- ตัวแทนในทางการค้า. |
| -- | ปีที่ 11 เล่ม 11 พ.ย. 2507 -- ราชทินนามผู้พิพากษา -- การบรรจุสินค้าลงหีบห่อหรือภาชนะในแง่กฎหมาย -- กฎหมายเกี่ยวกับศาสนา. |
| -- | ปีที่ 11 เล่ม 12 ธ.ค. 2507 -- รายงานผลงานของกระทรวงยุติธรรม ประจำปีงบประมาณ 2507 -- การประชุมระหว่างชาติ -- คดีที่ขึ้นศาลทหาร -- ศาลขอนแก่นในอดีต. |
| 650 #4 - SUBJECT ADDED ENTRY--TOPICAL TERM | |
| Topical term or geographic name entry element | ศาสนากับกฎหมาย |
| 9 (RLIN) | 33741 |
| 850 ## - HOLDING INSTITUTION | |
| Holding institution | NALT |
| 866 ## - TEXTUAL HOLDINGS--BASIC BIBLIOGRAPHIC UNIT | |
| Textual string | ปีที่ 11 เล่ม 7-12 (กรกฎาคม-ธันวาคม 2507) |
| 942 ## - ADDED ENTRY ELEMENTS (KOHA) | |
| Koha item type | Journal, Bound volume |
| 996 ## - STAFF PROCESSING RECORDS (NALT) | |
| Staff name | aroonthip.c |
| Staff type | LIBSTF |
| Acquisition or Cataloging date | 2025-06-12 |
| 998 ## - STAFF NAME (NALT) | |
| -- | 179 |
| -- | 179 |
| -- | นางสาวอรุณทิพย์ จันทร์ดิษฐ์ |
| Withdrawn status | Lost status | Source of classification or shelving scheme | Damaged status | Not for loan | Collection code | Home library | Current library | Shelving location | Date acquired | Total Checkouts | Barcode | Date last seen | Price effective from | Koha item type |
|---|---|---|---|---|---|---|---|---|---|---|---|---|---|---|
| Library of Congress Classification | Bound Journal collection | National Assembly Library of Thailand | National Assembly Library of Thailand | Journal & Magazine shelves | 09/07/2025 | 2900036130 | 09/07/2025 | 09/07/2025 | Journal, Bound volume |
